Marketing für den Mittelstand Konzepte und Fallstudien

Gespeichert in:
Bibliographische Detailangaben
Weitere Verfasser: Albrecht, Oliver, Bethke, Kai, Loock, Friedrich
Format: Buch
Sprache:Deutsch
Veröffentlicht: Wiesbaden Gabler 1994
Ausgabe:1. Aufl.
Schriftenreihe:Gabler Wirtschhaft
Schlagworte:
Tags: Tag hinzufügen
Keine Tags, Fügen Sie das erste Tag hinzu!

MARC

LEADER 00000nam a2200000 4500
001 c006296
005 20221214074514.0
020 |a 3-409-13633-9 
041 0 |a ger 
044 |a DE 
245 1 0 |a Marketing für den Mittelstand  |b Konzepte und Fallstudien  |c Edit. Oliver Albrecht, Kai Bethke, Friedrich Loock 
250 |a 1. Aufl. 
264 1 |a Wiesbaden  |b Gabler  |c 1994 
300 |a 228 s. 
490 1 |a Gabler Wirtschhaft 
830 0 |a Gabler Wirtschhaft 
610 2 0 |a marketing 
610 2 0 |a manažment 
610 2 0 |a informácie 
610 2 0 |a sponzorovanie 
610 2 0 |a konkurencia 
610 2 0 |a investície výrobné 
700 1 |a Albrecht, Oliver 
700 1 |a Bethke, Kai 
700 1 |a Loock, Friedrich